| 000 | 00752nam a22002057a 4500 | ||
|---|---|---|---|
| 005 | 20100724105020.0 | ||
| 010 | _aENG-96550 | ||
| 020 |
_a9788120337992 _c495.00 |
||
| 035 | _aEN-80083 | ||
| 037 | _bDBAD/PUB | ||
| 082 | _a005.44 | ||
| 100 |
_aAnderson, Chirsta _91145 |
||
| 245 |
_aWindow server 2008 terminal services resources kit / _cby Christa Anderson [and] Kristin L. Griffin |
||
| 260 |
_aNew Delhi _bPHI Learning _c2009 |
||
| 270 |
_aM-97, Cannaugt Circus, New Delhi-110001 _bNew Delhi |
||
| 300 |
_axxiii, 497p. _c23cm (pbk) _eCD |
||
| 700 |
_aGriffin, Kristin L. _91146 |
||
| 942 |
_2ddc _cEN _mAND _h005.44 |
||
| 999 |
_c37485 _d37485 |
||